[Event "Florianopolis op 10th"]
[Site "Florianopolis"]
[Date "2024.01.22"]
[Round "3"]
[White "De Oliveira, Gustavo Alfredo Bue"]
[Black "Ribeiro, Regina"]
[Result "1-0"]
[WhiteElo "2147"]
[BlackElo "1822"]
[PlyCount "55"]
[EventDate "2024.01.20"]
[EventType "swiss"]
[EventRounds "10"]
[EventCountry "BRA"]
[SourceTitle "CB05_2024"]
[SourceDate "2024.01.31"]
[SourceVersion "1"]
[SourceVersionDate "2024.01.31"]
[SourceQuality "1"]

1. Nf3 Nf6 2. d4 g6 3. Bf4 Bg7 4. e3 0-0 5. h3 c5 6. c3 b6 7. Be2 Ba6 8. Bxa6 Nxa6 9. 0-0 d6 10. Qe2 Nc7 11. e4 Ne6 12. Bh2 d5 13. e5 Ne4 14. Nbd2 Nxd2 15. Qxd2 c4 16. Ne1 Nc7 17. Nc2 b5 18. f4 e6 19. Ne3 h5 20. g4 hxg4 21. hxg4 f5 22. exf6 Bxf6 23. Qc2 Kf7 24. g5 Bg7 25. Rae1 Rh8 26. Ng4 Ne8 27. Rf2 Qb8 28. Rxe6 1-0

[Event "Florianopolis op 9th"]
[Site "Florianopolis"]
[Date "2023.01.28"]
[Round "9"]
[White "De Oliveira, Gustavo Alfredo Bue"]
[Black "Urquiza, Marcello de Albuque"]
[Result "1-0"]
[WhiteElo "2150"]
[BlackElo "2007"]
[PlyCount "51"]
[EventDate "2023.01.23"]
[EventType "swiss"]
[EventRounds "10"]
[EventCountry "BRA"]
[SourceTitle "CBM 212 Extra"]
[Source "ChessBase"]
[SourceDate "2023.03.31"]
[SourceVersion "1"]
[SourceVersionDate "2023.03.31"]
[SourceQuality "1"]

1. Nf3 Nf6 2. g3 b5 3. Bg2 Bb7 4. 0-0 e6 5. d3 Be7 6. c4 bxc4 7. dxc4 c5 8. Nc3 d6 9. Qc2 0-0 10. Bg5 Nc6 11. Rfd1 a6 12. Bxf6 gxf6 13. Qd2 Nb8 14. Qh6 Qc7 15. g4 Nd7 16. Rd3 Rfd8 17. g5 f5 18. Nh4 Bf8 19. Qh5 Bg7 20. Rad1 Nf8 21. Nxf5 exf5 22. Bxb7 Qxb7 23. Nd5 Qxb2 24. Ne7+ Kh8 25. Qxf7 Re8 26. Qg8# 1-0

[Event "Florianopolis op 9th"]
[Site "Florianopolis"]
[Date "2023.01.26"]
[Round "5"]
[White "Cerrato, Alex"]
[Black "De Oliveira, Gustavo Alfredo Bue"]
[Result "0-1"]
[WhiteElo "1915"]
[BlackElo "2150"]
[PlyCount "40"]
[EventDate "2023.01.23"]
[EventType "swiss"]
[EventRounds "10"]
[EventCountry "BRA"]
[SourceTitle "CBM 212 Extra"]
[Source "ChessBase"]
[SourceDate "2023.03.31"]
[SourceVersion "1"]
[SourceVersionDate "2023.03.31"]
[SourceQuality "1"]

1. d4 Nf6 2. Nc3 c5 3. Bf4 cxd4 4. Qxd4 Nc6 5. Qa4 e5 6. Bg3 Bc5 7. e3 0-0 8. Nf3 d6 9. Bc4 Bd7 10. 0-0-0 Nd4 11. exd4 Bxa4 12. dxc5 Qa5 13. cxd6 e4 14. Nd2 Rac8 15. Nxa4 Qxa4 16. Bb3 Qc6 17. Nc4 a5 18. Nxa5 Qb5 19. d7 Nxd7 20. Rd5 Nc5 0-1

[Event "Florianopolis op 9th"]
[Site "Florianopolis"]
[Date "2023.01.26"]
[Round "6"]
[White "De Oliveira, Gustavo Alfredo Bue"]
[Black "Barrientos, Ernesto"]
[Result "1-0"]
[WhiteElo "2150"]
[BlackElo "1934"]
[PlyCount "115"]
[EventDate "2023.01.23"]
[EventType "swiss"]
[EventRounds "10"]
[EventCountry "BRA"]
[SourceTitle "CBM 212 Extra"]
[Source "ChessBase"]
[SourceDate "2023.03.31"]
[SourceVersion "1"]
[SourceVersionDate "2023.03.31"]
[SourceQuality "1"]

1. Nf3 c5 2. b3 Nf6 3. Bb2 e6 4. e3 d5 5. Bb5+ Nbd7 6. 0-0 Bd6 7. Ne5 0-0 8. d4 cxd4 9. exd4 Qc7 10. Qe2 Ne4 11. f3 Nef6 12. Bd3 Ne8 13. f4 g6 14. c4 Ng7 15. Nc3 f6 16. Nb5 Qb8 17. Nxd6 Qxd6 18. c5 Qc7 19. Ng4 a5 20. Rac1 Nb8 21. Qf2 f5 22. Ne5 Nc6 23. Qh4 a4 24. Rf3 Nxe5 25. fxe5 axb3 26. axb3 Ra2 27. Bc3 Ne8 28. Rcf1 b6 29. Bb1 Ra8 30. Bb4 bxc5 31. Bxc5 Rf7 32. Qg5 Ra1 33. Rc1 Qd7 34. h4 Ba6 35. h5 Rg7 36. h6 Rf7 37. Rfc3 Bb5 38. Kh2 Ra8 39. Bc2 Be2 40. Re3 Qb5 41. Re1 Bg4 42. Bd3 Qd7 43. Rg3 Kh8 44. Rf1 Bh5 45. b4 Nc7 46. Rb1 Nb5 47. Rc1 Qb7 48. Bf1 Qd7 49. Qd2 Kg8 50. Qd3 Rb8 51. Ra1 Qc6 52. Ra5 Rfb7 53. Qd2 Kf7 54. Qg5 Qd7 55. Qf6+ Kg8 56. Bxb5 Rxb5 57. Rxb5 Qxb5 58. Qg7# 1-0

[Event "Titled Tuesday intern op 27th Dec Late"]
[Site "Chess.com INT"]
[Date "2022.12.27"]
[Round "1"]
[White "De Oliveira, Gustavo Alfredo Bue"]
[Black "Barp, Alberto"]
[Result "0-1"]
[WhiteElo "2150"]
[BlackElo "2429"]
[PlyCount "98"]
[EventDate "2022.12.27"]
[EventType "swiss (blitz)"]
[EventRounds "11"]
[EventCountry "USA"]
[SourceTitle "EXT 2024"]
[Source "ChessBase"]
[SourceDate "2023.10.10"]
[SourceVersion "1"]
[SourceVersionDate "2023.10.10"]
[SourceQuality "1"]

1. Nf3 d5 2. b3 c6 3. Bb2 Nf6 4. e3 Bf5 5. Be2 h6 6. 0-0 Nbd7 7. Ne5 e6 8. f4 Be7 9. d3 Qb6 10. d4 0-0 11. Nd2 c5 12. c3 Rad8 13. Kh1 Bh7 14. Bf3 Ne8 15. Rg1 Nd6 16. g4 f6 17. Nxd7 Rxd7 18. h4 Qd8 19. Qe2 b6 20. Raf1 Ne4 21. Bxe4 dxe4 22. Rf2 Qa8 23. Rfg2 Qc6 24. Nf1 Bg6 25. Ng3 Rf7 26. f5 Bh7 27. Qc4 exf5 28. gxf5 b5 29. Qe6 Rd6 30. d5 Qc7 31. Nh5 Rxe6 32. dxe6 Rf8 33. Rxg7+ Kh8 34. c4 Qd8 35. cxb5 Bxf5 36. Nf4 Qe8 37. Kh2 h5 38. R7g3 Bg4 39. Nd5 Kh7 40. Rf1 f5 41. Rd1 Bxh4 42. Rxg4 fxg4 43. Rd2 Qxe6 44. Nf4 Rxf4 45. exf4 e3 46. Re2 Qe4 47. Bc1 Qxf4+ 48. Kg2 Qf3+ 49. Kg1 Qxe2 0-1

[Event "Titled Tuesday intern op 27th Dec Late"]
[Site "Chess.com INT"]
[Date "2022.12.27"]
[Round "2"]
[White "Silva, Miguel Antonio Neto"]
[Black "De Oliveira, Gustavo Alfredo Bue"]
[Result "1-0"]
[WhiteElo "2213"]
[BlackElo "2150"]
[PlyCount "69"]
[EventDate "2022.12.27"]
[EventType "swiss (blitz)"]
[EventRounds "11"]
[EventCountry "USA"]
[SourceTitle "EXT 2024"]
[Source "ChessBase"]
[SourceDate "2023.10.10"]
[SourceVersion "1"]
[SourceVersionDate "2023.10.10"]
[SourceQuality "1"]

1. e4 c5 2. Nf3 e6 3. g3 d5 4. exd5 exd5 5. Bg2 Nf6 6. 0-0 Be7 7. d4 cxd4 8. Nxd4 0-0 9. Nc3 Nc6 10. Bf4 a6 11. Re1 Re8 12. h3 Qb6 13. Nb3 Be6 14. a3 d4 15. Na4 Qb5 16. Nxd4 Nxd4 17. Qxd4 Rad8 18. Qb6 Qxa4 19. b3 Qb5 20. Qxb7 Qxb7 21. Bxb7 Bxh3 22. Bxa6 Bf5 23. Bb5 Bd7 24. Bc4 Bc5 25. Bg5 Bf5 26. Rad1 Bxa3 27. Rxd8 Rxd8 28. Re5 Bxc2 29. Ra5 Bb4 30. Ra7 Bc5 31. Rxf7 Bxf2+ 32. Kxf2 Ne4+ 33. Ke3 Rf8 34. Rf4+ Kh8 35. Rxf8# 1-0

[Event "Santa Catarina State-ch 67th"]
[Site "Rio Negrinho"]
[Date "2021.10.26"]
[Round "4"]
[White "Caetano, Ryan Wesley da Cost"]
[Black "De Oliveira, Gustavo Alfredo Bue"]
[Result "1/2-1/2"]
[WhiteElo "2205"]
[BlackElo "2148"]
[PlyCount "81"]
[EventDate "2021.10.21"]
[EventType "swiss"]
[EventRounds "7"]
[EventCountry "BRA"]
[SourceTitle "EXT 2023"]
[Source "ChessBase"]
[SourceDate "2022.10.05"]
[SourceVersion "1"]
[SourceVersionDate "2022.10.05"]
[SourceQuality "1"]

1. d4 d5 2. c4 dxc4 3. Nf3 Nf6 4. e3 e6 5. Bxc4 c5 6. 0-0 Nc6 7. Nc3 cxd4 8. exd4 Be7 9. Re1 0-0 10. a3 a6 11. Bb3 Re8 12. Qd3 Bd7 13. Bg5 Nd5 14. Bd2 Nxc3 15. Bxc3 Bf6 16. Ne5 Nxe5 17. dxe5 Bc6 18. Qe3 Be7 19. Bd4 b5 20. Bb6 Qc8 21. Rac1 Qb7 22. f3 Rab8 23. Bc5 Bxc5 24. Rxc5 Rbc8 25. Rec1 Bd7 26. Kf1 Rxc5 27. Rxc5 Rc8 28. Ke2 Kf8 29. Bc2 h6 30. Be4 Qb8 31. Qd4 Ke8 32. b4 f5 33. Bc2 Bc6 34. Qh4 Kf8 35. Bb3 Bd5 36. Rxc8+ Qxc8 37. Bxd5 Qc3 38. Kf2 Qd2+ 39. Kf1 Qxd5 40. f4 Qd3+ 41. Kf2 1/2-1/2

[Event "Santa Catarina State-ch 67th"]
[Site "Rio Negrinho"]
[Date "2021.10.25"]
[Round "3"]
[White "De Oliveira, Gustavo Alfredo Bue"]
[Black "Umetsubo, Cesar Hidemitsu"]
[Result "0-1"]
[WhiteElo "2148"]
[BlackElo "2379"]
[PlyCount "84"]
[EventDate "2021.10.21"]
[EventType "swiss"]
[EventRounds "7"]
[EventCountry "BRA"]
[SourceTitle "EXT 2023"]
[Source "ChessBase"]
[SourceDate "2022.10.05"]
[SourceVersion "1"]
[SourceVersionDate "2022.10.05"]
[SourceQuality "1"]

1. Nf3 c5 2. e3 d5 3. b3 f6 4. d4 cxd4 5. exd4 Nc6 6. Bb2 Bg4 7. Be2 e6 8. 0-0 Bd6 9. c4 Nge7 10. Nc3 Bc7 11. Re1 0-0 12. h3 Bh5 13. cxd5 Nxd5 14. Bc4 Nf4 15. d5 Ne5 16. dxe6 Qxd1 17. e7+ Nxc4 18. exf8Q+ Kxf8 19. Nxd1 Nxb2 20. Nxb2 Bxf3 21. gxf3 Be5 22. Rxe5 fxe5 23. Re1 Nxh3+ 24. Kf1 Re8 25. Nc4 Nf4 26. Nxe5 Re7 27. Re4 g5 28. Kg1 Kg7 29. Re3 h5 30. Nc4 Rd7 31. Re1 Kf6 32. a4 Rd3 33. Re3 Rd1+ 34. Kh2 Rf1 35. Nd6 Rxf2+ 36. Kh1 Rf1+ 37. Kh2 b6 38. Nc8 Rf2+ 39. Kh1 h4 40. Nxa7 h3 41. Nc6 Nh5 42. Ne5 Ng3+ 0-1

[Event "Santa Catarina State-ch 65th"]
[Site "Rio Negrinho"]
[Date "2021.07.23"]
[Round "2"]
[White "De Oliveira, Gustavo Alfredo Bue"]
[Black "Cordioli, Jairo Ribeiro"]
[Result "1-0"]
[WhiteElo "2151"]
[BlackElo "1793"]
[PlyCount "42"]
[EventDate "2021.07.22"]
[EventType "swiss"]
[EventRounds "7"]
[EventCountry "BRA"]
[SourceTitle "EXT 2022"]
[Source "ChessBase"]
[SourceDate "2021.10.06"]
[SourceVersion "1"]
[SourceVersionDate "2021.10.06"]
[SourceQuality "1"]

1. Nf3 Nf6 2. b3 g6 3. Bb2 Bg7 4. e3 d5 5. c4 e6 6. Be2 0-0 7. 0-0 Ne4 8. Qc2 Bxb2 9. Qxb2 Qf6 10. Ne5 Nd7 11. f4 Qg7 12. d3 Nec5 13. Nd2 Nxe5 14. fxe5 Nd7 15. d4 b6 16. cxd5 exd5 17. Bb5 Nb8 18. Rac1 Ba6 19. Bxa6 Nxa6 20. Qa3 Qh6 21. Rf3 c5 1-0

[Event "Florianopolis op 7th"]
[Site "Florianopolis"]
[Date "2021.01.24"]
[Round "10"]
[White "De Oliveira, Gustavo Alfredo Bue"]
[Black "Volkmann, Andre Jordi"]
[Result "1-0"]
[WhiteElo "2176"]
[BlackElo "2075"]
[PlyCount "51"]
[EventDate "2021.01.18"]
[EventType "swiss"]
[EventRounds "10"]
[EventCountry "BRA"]
[SourceTitle "CBM 200 Extra"]
[Source "ChessBase"]
[SourceDate "2021.03.31"]
[SourceVersion "1"]
[SourceVersionDate "2021.03.31"]
[SourceQuality "1"]

1. e4 d5 2. exd5 Qxd5 3. Nf3 Bg4 4. Be2 Nf6 5. d4 c6 6. 0-0 e6 7. c4 Qd8 8. h3 Bxf3 9. Bxf3 Be7 10. Bf4 0-0 11. Nc3 Bd6 12. Qd2 Bxf4 13. Qxf4 Nbd7 14. Rfd1 Qe7 15. a3 e5 16. Qe3 Rfe8 17. d5 cxd5 18. Nxd5 Nxd5 19. Bxd5 Nf6 20. Rd2 Nxd5 21. Rxd5 Rac8 22. Rad1 b6 23. Rd7 Qe6 24. b3 Ra8 25. Qe4 Qh6 26. Qxa8 1-0

[Event "Florianopolis op 7th"]
[Site "Florianopolis"]
[Date "2021.01.19"]
[Round "2"]
[White "De Oliveira, Gustavo Alfredo Bue"]
[Black "Araujo, Renan Aparecido"]
[Result "0-1"]
[WhiteElo "2176"]
[BlackElo "1904"]
[PlyCount "113"]
[EventDate "2021.01.18"]
[EventType "swiss"]
[EventRounds "10"]
[EventCountry "BRA"]
[SourceTitle "CBM 200 Extra"]
[Source "ChessBase"]
[SourceDate "2021.03.31"]
[SourceVersion "1"]
[SourceVersionDate "2021.03.31"]
[SourceQuality "1"]

1. Nf3 Nf6 2. b3 g6 3. Bb2 Bg7 4. e3 d6 5. d4 Nbd7 6. Be2 0-0 7. 0-0 c5 8. c4 b6 9. Nbd2 Bb7 10. d5 b5 11. e4 bxc4 12. bxc4 e6 13. Rb1 Qc7 14. Qc2 Rab8 15. Rfd1 e5 16. Ne1 Ne8 17. Bg4 Ndf6 18. Be2 Nd7 19. Nf1 Bh6 20. Rd3 Bc8 21. Rh3 Kg7 22. Bc1 Bxc1 23. Rxb8 Nxb8 24. Qxc1 Bxh3 25. gxh3 Qd7 26. Qc3 Kg8 27. Ng3 Qxh3 28. Qb3 Nf6 29. Qd3 Nbd7 30. Qa3 Rb8 31. Qxa7 Rb1 32. Qa8+ Kg7 33. Qa5 Ng4 34. Bxg4 Qxg4 35. Kg2 h5 36. h3 Qf4 37. Nd3 Qg5 38. Kh2 h4 39. Ne2 Rd1 40. Qc3 Nf6 41. f4 exf4 42. Ndxf4 Rf1 43. Qe3 Qe5 44. Kg2 Rb1 45. Nc3 Rb2+ 46. Nfe2 Nh5 47. Kf3 Ng3 48. Nf4 Rc2 49. Nb5 g5 50. Nd3 Qf6+ 51. Kg4 Re2 52. Qxg5+ Qxg5+ 53. Kxg5 Rxe4 54. Nf4 f6+ 55. Kg4 Ne2 56. Nxd6 Rxf4+ 57. Kh5 0-1

[Event "Florianopolis op 7th"]
[Site "Florianopolis"]
[Date "2021.01.18"]
[Round "1"]
[White "Soares, Reynaldo Magalhaes"]
[Black "De Oliveira, Gustavo Alfredo Bue"]
[Result "1/2-1/2"]
[WhiteElo "1867"]
[BlackElo "2176"]
[PlyCount "258"]
[EventDate "2021.01.18"]
[EventType "swiss"]
[EventRounds "10"]
[EventCountry "BRA"]
[SourceTitle "CBM 200 Extra"]
[Source "ChessBase"]
[SourceDate "2021.03.31"]
[SourceVersion "1"]
[SourceVersionDate "2021.03.31"]
[SourceQuality "1"]

1. d4 Nf6 2. c4 e6 3. Nf3 Bb4+ 4. Bd2 Qe7 5. g3 b6 6. Bg2 Bb7 7. 0-0 Bxd2 8. Qxd2 0-0 9. Nc3 d6 10. d5 Nbd7 11. b4 Ba6 12. dxe6 fxe6 13. Nb5 Ne4 14. Qd4 Ndf6 15. Nd2 c5 16. Qe3 Nxd2 17. Qxd2 Rad8 18. bxc5 bxc5 19. Rab1 d5 20. Qa5 Bxb5 21. Rxb5 Rc8 22. cxd5 exd5 23. Qd2 Qd7 24. Qa5 Qe7 25. Qd2 Rfd8 26. Rfb1 Rc7 27. Rb8 Rcd7 28. Bh3 Rxb8 29. Rxb8+ Rd8 30. Qe3 Ne4 31. Qb3 Rxb8 32. Qxb8+ Kf7 33. Qb3 c4 34. Qe3 Nf6 35. Qd2 Qe5 36. Bg2 d4 37. Bf3 a5 38. Qc2 Qc5 39. Qb1 c3 40. Qb3+ Kg6 41. Qc2+ Qf5 42. Qc1 Kf7 43. Kg2 h6 44. e3 Qd3 45. exd4 Qxd4 46. Qc2 a4 47. Bd1 Ne4 48. Qe2 Nd2 49. Bc2 Qd5+ 50. Kh3 Qxa2 51. Qh5+ Kf8 52. Qc5+ Kf7 53. Qxc3 Qe6+ 54. g4 Nb3 55. Qc7+ Kf6 56. Qf4+ Ke7 57. Qxa4 Nc5 58. Qa7+ Nd7 59. Bf5 Qb3+ 60. Qe3+ Qxe3+ 61. fxe3 Ne5 62. Kg3 Kf6 63. Bc2 g5 64. h3 Nc4 65. Kf3 Ke5 66. Bd3 Nd6 67. Ba6 Ne4 68. Bb7 Nc5 69. Bc6 Kd6 70. Be4 Ke5 71. Bc2 Ne6 72. Ke2 Nc5 73. Kf3 Kd5 74. e4+ Ke5 75. Bb1 Nb3 76. Ke3 Nd4 77. Bd3 Ne6 78. Bf1 Nf4 79. Kf3 Kd4 80. h4 Ng6 81. hxg5 hxg5 82. Ba6 Ne5+ 83. Kg3 Kxe4 84. Bc8 Ke3 85. Be6 Nd3 86. Bc8 Nf4 87. Bd7 Ne2+ 88. Kg2 Kf4 89. Bc8 Nd4 90. Bd7 Nf3 91. Bc8 Ne5 92. Kh3 Kf3 93. Bb7+ Kf2 94. Bc8 Nf3 95. Bd7 Ng1+ 96. Kh2 Ne2 97. Bc8 Nf4 98. Bd7 Kf3 99. Bc8 Nd3 100. Kh3 Nf2+ 101. Kh2 Kf4 102. Bd7 Kf3 103. Bc8 Nd3 104. Kh3 Kf4 105. Kh2 Nf2 106. Bd7 Kf3 107. Bc8 Ne4 108. Bd7 Nf6 109. Bc8 Kf2 110. Kh3 Nd5 111. Bd7 Nf4+ 112. Kh2 Kf3 113. Bc8 Ng6 114. Bd7 Ne5 115. Bc8 Nd3 116. Bd7 Kf4 117. Bc8 Nf2 118. Bd7 Nxg4+ 119. Bxg4 Kxg4 120. Kg2 Kh4 121. Kh2 Kg4 122. Kg2 Kf4 123. Kf2 g4 124. Kg2 g3 125. Kg1 Kg4 126. Kg2 Kh4 127. Kg1 Kh3 128. Kh1 g2+ 129. Kg1 Kg3 1/2-1/2

[Event "Santa Catarina-ch 64th "]
[Site "Lages"]
[Date "2020.02.14"]
[Round "1"]
[White "Budag, Lucas Demetrio"]
[Black "De Oliveira, Gustavo Alfredo Bue"]
[Result "0-1"]
[WhiteElo "1472"]
[BlackElo "2196"]
[PlyCount "84"]
[EventDate "2020.02.14"]
[EventType "swiss"]
[EventRounds "6"]
[EventCountry "BRA"]
[SourceTitle "CBM 195 Extra"]
[Source "ChessBase"]
[SourceDate "2020.05.31"]
[SourceVersion "1"]
[SourceVersionDate "2020.05.31"]
[SourceQuality "1"]

1. c4 Nf6 2. d4 e6 3. a3 c5 4. Nf3 cxd4 5. b4 a5 6. Qa4 Qc7 7. Nbd2 e5 8. e3 dxe3 9. fxe3 Nc6 10. Bb2 d6 11. b5 Nb8 12. b6+ Qc6 13. Qxc6+ Nxc6 14. Bd3 Be7 15. 0-0 0-0 16. Ng5 h6 17. Rxf6 Bxf6 18. Nh7 Bg5 19. Nxg5 hxg5 20. Rf1 f5 21. e4 f4 22. Nf3 g4 23. Nh4 Be6 24. c5 g5 25. Nf5 Bxf5 26. exf5 dxc5 27. Bc4+ Kg7 28. Bd5 Nd4 29. Bxd4 cxd4 30. Bxb7 Rab8 31. Bc6 Rxb6 32. Bd7 Rd8 33. f6+ Kxf6 34. Bxg4 e4 35. g3 Ke5 36. gxf4+ gxf4 37. Re1 Rg8 38. h3 f3 39. Kf2 Rxg4 40. hxg4 Kf4 41. Rg1 e3+ 42. Kf1 Rb1# 0-1

[Event "Florianopolis op 6th"]
[Site "Florianopolis"]
[Date "2020.01.25"]
[Round "9"]
[White "De Oliveira, Gustavo Alfredo Bue"]
[Black "Bachmann, Axel"]
[Result "0-1"]
[WhiteElo "2176"]
[BlackElo "2611"]
[PlyCount "72"]
[EventDate "2020.01.20"]
[EventType "swiss"]
[EventRounds "10"]
[EventCountry "BRA"]
[SourceTitle "CBM 194 Extra"]
[Source "ChessBase"]
[SourceDate "2020.03.31"]
[SourceVersion "1"]
[SourceVersionDate "2020.03.31"]
[SourceQuality "1"]

1. d4 Nf6 2. Nf3 e6 3. c4 Bb4+ 4. Bd2 a5 5. g3 0-0 6. Bg2 d5 7. a3 Bxd2+ 8. Nbxd2 a4 9. 0-0 Nbd7 10. Qc2 c6 11. Rac1 b6 12. e4 Bb7 13. Rfd1 Qe7 14. e5 Ne8 15. Nf1 dxc4 16. Qxc4 Nc7 17. Ne3 c5 18. dxc5 bxc5 19. Qf4 Nd5 20. Nxd5 Bxd5 21. Ng5 h6 22. Ne4 Rab8 23. Rd2 Rfd8 24. Nc3 Bb3 25. Bc6 Nb6 26. Rxd8+ Rxd8 27. Bb5 Rd4 28. Qe3 Qg5 29. Re1 Qf5 30. Bf1 Nc4 31. Bxc4 Rxc4 32. Kg2 Rd4 33. Qf3 Qc2 34. Re2 Qg6 35. Re4 Rxe4 36. Qxe4 Bd5 0-1

[Event "Florianopolis op 6th"]
[Site "Florianopolis"]
[Date "2020.01.24"]
[Round "7"]
[White "De Oliveira, Gustavo Alfredo Bue"]
[Black "Languidey, Simon Alejandro"]
[Result "1/2-1/2"]
[WhiteElo "2176"]
[BlackElo "2425"]
[PlyCount "117"]
[EventDate "2020.01.20"]
[EventType "swiss"]
[EventRounds "10"]
[EventCountry "BRA"]
[SourceTitle "CBM 194 Extra"]
[Source "ChessBase"]
[SourceDate "2020.03.31"]
[SourceVersion "1"]
[SourceVersionDate "2020.03.31"]
[SourceQuality "1"]

1. d4 e6 2. Nf3 d5 3. c4 Nf6 4. Nc3 a6 5. cxd5 exd5 6. Bg5 Be6 7. e3 Nbd7 8. Bd3 Bd6 9. 0-0 0-0 10. Rc1 h6 11. Bh4 c6 12. Re1 Qc7 13. Bg3 Bxg3 14. hxg3 Bg4 15. Qc2 Rfe8 16. Nh2 Nb6 17. Na4 Nxa4 18. Qxa4 Qd6 19. Qc2 Be6 20. Nf3 Nd7 21. Nh4 a5 22. Qe2 Qe7 23. Bb1 Qg5 24. Nf3 Qf6 25. Nh2 Ra6 26. Bd3 Raa8 27. Bb1 a4 28. Rc3 Bf5 29. Bxf5 Qxf5 30. Qg4 Qxg4 31. Nxg4 Ra5 32. Rc2 Rb5 33. Nh2 Nb6 34. Nf3 Nc4 35. Ree2 Kf8 36. Ne1 Ke7 37. Nd3 Nd6 38. Nc5 Ra8 39. f3 b6 40. Nd3 Rc8 41. Kf2 c5 42. dxc5 bxc5 43. Nf4 c4 44. Red2 Rcc5 45. g4 a3 46. bxa3 c3 47. Re2 Ra5 48. Nd3 Rc4 49. Re1 Nb5 50. Rec1 Kd6 51. Nf4 Rxa3 52. Rb1 Ra5 53. Rb3 d4 54. exd4 Nxd4 55. Rbxc3 Rxc3 56. Rxc3 Rxa2+ 57. Ke3 Nc2+ 58. Kf2 Nd4+ 59. Ke3 1/2-1/2

[Event "Florianopolis Winter op 5th"]
[Site "Florianopolis"]
[Date "2019.09.01"]
[Round "6"]
[White "De Oliveira, Gustavo Alfredo Bue"]
[Black "Mariani, Daniel Brandao"]
[Result "1-0"]
[WhiteElo "2089"]
[BlackElo "2069"]
[PlyCount "39"]
[EventDate "2019.08.30"]
[EventType "swiss"]
[EventRounds "7"]
[EventCountry "BRA"]
[SourceTitle "EXT 2020"]
[Source "ChessBase"]
[SourceDate "2019.10.17"]
[SourceVersion "1"]
[SourceVersionDate "2019.10.17"]
[SourceQuality "1"]

1. Nf3 d5 2. d4 Nf6 3. Bf4 c5 4. c3 cxd4 5. cxd4 Nc6 6. e3 Bf5 7. Qb3 Qb6 8. Qxb6 axb6 9. Nc3 e6 10. Bb5 Be7 11. 0-0 0-0 12. Ne5 Rfc8 13. h3 Nxe5 14. Bxe5 Ne4 15. Nxe4 Bxe4 16. Rfc1 h6 17. Bc7 Bd8 18. Bd6 Kh7 19. a3 Bc2 20. Rxc2 1-0

[Event "Florianopolis Winter op 5th"]
[Site "Florianopolis"]
[Date "2019.08.30"]
[Round "1"]
[White "Vicenzi, Liziane Nathalia"]
[Black "De Oliveira, Gustavo Alfredo Bue"]
[Result "0-1"]
[WhiteElo "1505"]
[BlackElo "2089"]
[PlyCount "62"]
[EventDate "2019.08.30"]
[EventType "swiss"]
[EventRounds "7"]
[EventCountry "BRA"]
[SourceTitle "EXT 2020"]
[Source "ChessBase"]
[SourceDate "2019.10.17"]
[SourceVersion "1"]
[SourceVersionDate "2019.10.17"]
[SourceQuality "1"]

1. d4 Nf6 2. c4 e6 3. Nc3 Bb4 4. a3 Bxc3+ 5. bxc3 0-0 6. Bg5 c5 7. Nf3 Qa5 8. Qc2 cxd4 9. Bxf6 gxf6 10. Nxd4 d5 11. e3 dxc4 12. Bxc4 Bd7 13. 0-0 Nc6 14. Bd3 Qh5 15. Be2 Qg6 16. Bd3 Qh5 17. Rfd1 Rad8 18. Be2 Qa5 19. Bf3 Ne5 20. a4 b6 21. Be2 Qc5 22. Nf3 Bc6 23. Nd4 Bd5 24. Nb3 Qc7 25. Nd4 Rc8 26. Nb5 Qe7 27. Rac1 Kh8 28. Qd2 Rg8 29. f3 Bxf3 30. g3 Ba8 31. Qd6 Qb7 0-1

[Event "Sao Jose dos Pinhais U2200"]
[Site "Sao Jose dos Pinhais"]
[Date "2019.05.25"]
[Round "5"]
[White "Yepes Gavidia, Ricardo"]
[Black "De Oliveira, Gustavo Alfredo Bue"]
[Result "0-1"]
[WhiteElo "1704"]
[BlackElo "2016"]
[PlyCount "73"]
[EventDate "2019.05.24"]
[EventType "swiss"]
[EventRounds "7"]
[EventCountry "BRA"]
[SourceTitle "EXT 2020"]
[Source "ChessBase"]
[SourceDate "2019.10.17"]
[SourceVersion "1"]
[SourceVersionDate "2019.10.17"]
[SourceQuality "1"]

1. e4 c5 2. Nc3 Nc6 3. f4 g6 4. Nf3 Bg7 5. Bb5 Nd4 6. Nxd4 cxd4 7. Ne2 a6 8. Bc4 b5 9. Bd5 Rb8 10. d3 Qb6 11. Ng3 Nf6 12. Bb3 d6 13. f5 Qc5 14. 0-0 Bd7 15. Bg5 a5 16. a3 a4 17. Ba2 Bc6 18. b4 axb3 19. Bxb3 Ra8 20. Qe2 Rf8 21. Bc1 Nd7 22. Bb2 Be5 23. Qf2 Nf6 24. Qe2 Kd7 25. Rf2 h5 26. fxg6 fxg6 27. Raf1 Rh8 28. Qd2 Ng4 29. Rf7 Nxh2 30. Qg5 Rae8 31. Qxg6 Nxf1 32. Nxf1 h4 33. Nd2 h3 34. g4 Kd8 35. Nf3 Rhg8 36. Qf5 Bd7 37. Be6 0-1